| 000 | 01220nam a2200397 a 4500 | ||
|---|---|---|---|
| 001 | 21506 | ||
| 003 | CZ PrNK | ||
| 005 | 20260303081436.0 | ||
| 007 | ta | ||
| 008 | 070716s2007 xr a a 000 f cze | ||
| 015 | _acnb001726758 | ||
| 020 |
_a9788073470340 _q(váz.) |
||
| 035 | _a(OCoLC)188563168 | ||
| 040 |
_aABA001 _bcze _dBOA001 |
||
| 041 | 1 |
_acze _hslo |
|
| 072 | 7 |
_a821-93 _xLiteratura pro děti a mládež (beletrie) _2Konspekt |
|
| 080 |
_a821-93 _2MRF |
||
| 080 |
_a821-34 _2MRF |
||
| 080 |
_a(0:82-34) _2MRF |
||
| 080 |
_a(0.025.2) _2MRF |
||
| 100 | 1 |
_aVrabec, Ján _4aut _4ill |
|
| 245 | 1 | 0 |
_aPopelka : _b[maxileporelo / _cilustrace a texty] Ján Vrabec ; [překlad Věra Škrobánková] |
| 260 |
_aOstrava : _bKnižní expres, _c[2007] |
||
| 300 |
_a[8] s. : _bvše barev. il. ; _c38 cm |
||
| 500 | _aPřeloženo ze slovenštiny? | ||
| 500 | _aKartonové listy | ||
| 655 | 7 |
_apohádky _2czenas |
|
| 655 | 7 |
_aleporela _2czenas |
|
| 655 | 7 |
_apublikace pro děti _2czenas |
|
| 655 | 9 |
_afairy tales _2eczenas |
|
| 655 | 9 |
_afolding picture-books _2eczenas |
|
| 655 | 9 |
_achildren's literature _2eczenas |
|
| 901 |
_b9788073470340 _f[1. vyd.] _o20070920 |
||
| 910 | _aABA001 | ||
| 942 |
_2ddc _cKLDE _n0 |
||
| 999 |
_c21506 _d21506 |
||